000 00866cam a2200193 a 4500
999 _c3720
_d3720
020 _a0195211162
022 _a9780195211160
050 0 0 _aHG5993
_b.P747
245 0 0 _aPrivate capital flows to developing countries :
_bthe road to financial integration.
260 _aNew York :
_bOxford University Press for the World Bank,
_c1997.
300 _axvii, 406 p. :
_bill. ;
_c24 cm.
440 0 _aWorld Bank policy research report
500 _aErrata slip inserted.
505 _a1. The Main Findings -- 2. The New International Environment -- 3. The Benefits of Financial Integration -- 4. Challenges of Macroeconomic Management -- 5. The Effects of Integration on Domestic Financial Systems -- 6. Preparing Capital Markets for Financial Integration.
650 0 _aInvestments, Foreign
650 0 _aCapital movements
710 2 _aWorld Bank.
942 _cBK